| 000 | 00758nam a2200241 a 4500 | ||
|---|---|---|---|
| 001 | BRL_802 | ||
| 005 | 20190320210914.0 | ||
| 008 | 081013s1985----mx-#######---#000-0#spa-# | ||
| 020 | _a9686011870 | ||
| 041 | _aspa | ||
| 044 | _amx | ||
| 050 | 4 |
_aLA421.7 _b.E38 1985 |
|
| 245 | 1 | 0 |
_aEducar _bpanacea del México Independiente, antología _cde Anne Staples. |
| 260 |
_aMéxico _bSEP Subsecretaría de Cultura,Dirección General de Publicaciones : Ediciones el Caballito _c1985 |
||
| 300 |
_a159 p. _c21 cm. |
||
| 440 | 0 |
_aBiblioteca Pedagógica _924992 |
|
| 500 | _aAu921 | ||
| 650 | 1 | 4 |
_aEducación _xHistoria _zMéxico _94076 |
| 650 | 1 | 4 |
_aEducación y estado _xHistoria _zMéxico _924993 |
| 700 | 1 |
_aStaples, Anne _96192 |
|
| 902 | _aGRL | ||
| 942 |
_2lcc _cB |
||
| 999 |
_c9614 _d9614 |
||